[Event "FIDE Chesscom Grand Swiss 2019"]
[Site "Douglas-Isle of Man"]
[Date "2019.10.13"]
[Round "4.5"]
[White "Durarbayli, Vasif"]
[Black "Rodshtein, Maxim"]
[Result "1/2-1/2"]
[WhiteElo "2617"]
[BlackElo "2684"]
[Annotator "TA"]
[PlyCount "111"]
[EventDate "2019.10.10"]
[EventType "swiss"]
[EventCountry "GBR"]
[SourceTitle "playchess.com"]
[Source "ChessBase"]
[SourceQuality "1"]

{[%evp 9,111,10,12,20,26,11,6,4,13,0,0,0,31,27,31,18,36,-8,0,-17,-20,-23,0,0,0,0,0,-25,0,0,22,28,105,67,56,22,29,29,31,33,92,70,84,66,130,104,145,151,185,192,183,119,154,78,78,71,79,8,0,0,0,0,0,0,0,0,0,0,0,0,0,0,16,0,0,0,64,0,8,0,60,0,21,0,0,0,0,0,0,0,0,0,0,0,0,0,0,0,0,0,0,0,0,0]} 1. e4 e5 2. Nf3 Nc6 3. Bb5 Nf6 4. d3 Bc5 5. c3 O-O 6. O-O {C65: Ruy Lopez: Berlin Defence (3...Nf6), unusual lines and 4 0-0 Bc5} Re8 (6... d6 7. Nbd2 a6 8. Ba4 Ba7 9. h3 Ne7 10. d4 Ng6 11. Bc2 Re8 12. Re1 Bd7 13. Nf1 c5 14. dxc5 dxc5 15. Bg5 Be6 16. Ne3 c4 17. Qe2 Bxe3 18. Bxe3 h6 19. Nd2 b5 20. a4 {1-0 (54) Dominguez Perez,L (2763)-Wang,H (2726) Khanty-Mansiysk 2019}) 7. Nbd2 a6 8. Bxc6 dxc6 9. Nc4 Bg4 10. h3 Bxf3 11. Qxf3 Nd7 12. Qg3 $146 ({Predecessor:} 12. b4 Bb6 13. Be3 Nf8 {1-0 (35) Bologan,V (2648)-Faizrakhmanov,R (2344) Bilbao 2014}) 12... Re6 13. b4 b5 14. Ne3 Bf8 15. Ng4 Rg6 {Strongly threatening ...h5.} 16. f4 exf4 17. Qxf4 Qe8 $1 18. d4 Nf6 19. Nf2 $36 {[%mdl 2048] White fights for an advantage.} Nd7 20. a4 Nb6 (20... bxa4 $11 21. Rxa4 c5) 21. axb5 cxb5 22. Ng4 Nc4 23. Ra2 {[%cal Ba1a2,Ba2f2,Bf2f4][%mdl 32]} c6 24. Qf3 Qe6 ({Black should play} 24... a5 $14) 25. Raf2 $16 {[%cal Rf3f7]} Ra7 26. Qd3 Re7 ({Black should try} 26... h5 $14 27. Nh2 a5) 27. Rf4 Qd7 28. Qf3 Rge6 29. e5 Rg6 30. h4 (30. Nf2 $18) 30... Qd5 31. h5 (31. Qf2 $142) 31... Qxf3 32. R1xf3 Rge6 33. Nf6+ (33. Rg3 $16) 33... gxf6 $11 34. Rg4+ $1 Kh8 35. Rfg3 {[%csl Gg3][%cal Rg4g8]} h6 36. Rg8+ {[%mdl 64] [#] Double Attack} Kh7 {Threatens to win with ...Re8.} 37. Rxf8 {Rfg8 would kill now.} fxe5 38. Rgg8 {aiming for Rh8+.} f5 $1 39. Rh8+ Kg7 40. Rfg8+ Kf7 41. Rf8+ (41. Ra8 {with more complications.} Kg7 42. Kf2 exd4 43. Rhg8+ Kh7 44. cxd4 Re2+ 45. Kg3) 41... Kg7 42. Kf2 f4 (42... exd4 $11 43. cxd4 Nd2) 43. Rhg8+ (43. Rfg8+ $14 Kf7 44. Ra8) 43... Kh7 44. Rh8+ (44. Rd8 $11) 44... Kg7 $14 45. Rhg8+ Kh7 {The position is equal.} 46. dxe5 Nxe5 47. Rh8+ Kg7 48. Rhg8+ Kh7 49. Rh8+ Kg7 50. Rfg8+ Kf7 $1 {...Nd3+ is the strong threat.} 51. Bxf4 {Hoping for Rd8.} Nd3+ {[%mdl 64] [#] Double Attack} 52. Kg3 Nxf4 53. Kxf4 Re3 54. Rf8+ Kg7 55. Rhg8+ Kh7 56. Rh8+ {Accuracy: White = 52%, Black = 56%.} 1/2-1/2

[Event "FIDE Chesscom Grand Swiss 2019"]
[Site "Douglas-Isle of Man"]
[Date "2019.10.13"]
[Round "4.6"]
[White "McShane, Luke J"]
[Black "Adhiban, B.."]
[Result "1-0"]
[WhiteElo "2682"]
[BlackElo "2639"]
[Annotator "TA"]
[PlyCount "57"]
[EventDate "2019.10.10"]
[EventType "swiss"]
[EventCountry "GBR"]
[SourceTitle "playchess.com"]
[Source "ChessBase"]
[SourceQuality "1"]

{[%evp 14,73,10,12,16,23,16,21,19,9,0,0,12,0,19,0,21,30,43,21,99,39,43,34,47,36,57,43,45,41,41,54,129,127,118,118,221,209,220,210,180,197,1933,1978,12833,12834,12834,12835,2493,1015,12837,12838,12838,12839,12839,12839,12840,12839,12840,12840,12841,12841]} 1. e4 c5 2. Nf3 d6 3. Bb5+ Bd7 4. Bxd7+ Nxd7 5. O-O Ngf6 6. Qe2 e6 7. d4 cxd4 8. Nxd4 a6 {B52: Sicilian: Moscow Variation with 3...Bd7} 9. c4 Rc8 10. b3 g6 {The position is equal.} 11. Bb2 (11. Rd1 Qa5 12. a4 Bg7 13. Ba3 Qe5 14. Nc3 Nc5 15. f3 O-O 16. Qe3 {1-0 (57) Amin,B (2709)-Kozul,Z (2612) Zagreb 2018}) 11... Bg7 12. Nc3 O-O 13. Rad1 $146 ({Predecessor:} 13. Rfd1 Qa5 14. Rac1 Rfd8 15. h3 Qh5 16. Qxh5 Nxh5 {½-½ (43) Maze,S (2494)-Balogh,C (2537) Aarhus 2005}) 13... Qc7 14. Kh1 Rfd8 15. f4 Qb8 16. Nf3 Nh5 (16... Qc7 $11) 17. f5 ({White should play} 17. Ng5 $1 $16) 17... Re8 18. fxe6 fxe6 19. e5 Nxe5 20. Nxe5 Bxe5 21. Ne4 {Strongly threatening Bxe5.} Bxb2 22. Qxb2 d5 (22... Rf8 $14) 23. g4 $1 $16 {[%cal Rg4h5]} ({Much weaker is} 23. cxd5 $6 exd5 24. Nf6+ Nxf6 $11) 23... dxe4 24. gxh5 {Black must now prevent Rd7.} e5 {[#]} (24... Qc7 $16) 25. hxg6 $1 $18 hxg6 {[#]} 26. Qg2 $1 {[%mdl 512]} Rc6 {[#]} 27. Rd7 $1 $40 {[%mdl 128] White attacks with force.} ({But not} 27. Qxe4 $6 Qc7 $14) 27... Rd6 $2 (27... Rd8 28. Rdf7 Qc8) 28. Rdf7 {Intending Qh3 and mate.White is clearly winning.} Qc8 {[#]} 29. c5 {Played: Rf7-f6} 1-0

[Event "FIDE Chesscom Grand Swiss 2019"]
[Site "Douglas-Isle of Man"]
[Date "2019.10.13"]
[Round "4.6"]
[White "Ponomariov, Ruslan"]
[Black "Jobava, Baadur"]
[Result "1-0"]
[WhiteElo "2675"]
[BlackElo "2617"]
[Annotator "TA"]
[PlyCount "64"]
[EventDate "2019.10.10"]
[EventType "swiss"]
[EventCountry "GBR"]
[SourceTitle "playchess.com"]
[Source "ChessBase"]
[SourceQuality "1"]

{[%evp 24,64,22,0,0,0,0,0,0,0,0,0,10,3,34,18,0,0,0,0,0,0,40,0,77,87,339,327,603,610,746,710,719,702,737,730,1051,1032,2498,2768,29980,29981,5385]} 1. e4 c6 2. d4 d5 3. Nc3 dxe4 4. Nxe4 Bf5 5. Ng3 Bg6 6. h4 h6 7. Nf3 Nd7 8. h5 Bh7 9. Bd3 Bxd3 10. Qxd3 e6 11. Bd2 Ngf6 12. O-O-O Be7 13. Kb1 Qb6 {B19: Classical Caro-Kann: 4...Bf5 main line} 14. Ne5 Rd8 15. Qe2 O-O {The position is equal.} 16. Ng6 (16. Bc1 c5 17. Nxd7 Rxd7 18. dxc5 Qxc5 19. Rxd7 Nxd7 20. Ne4 Qc6 21. Rh3 {0-1 (55) Ponomariov,R (2675)-Esipenko,A (2624) Khanty-Mansiysk 2019}) 16... Ba3 $1 {[%csl Ga3][%cal Rb6b2] [#]} 17. Bc1 $1 Rfe8 $1 18. Rd3 Bxb2 $146 ({Predecessor:} 18... Bd6 19. Ne5 Qc7 20. Rhd1 c5 21. Nxd7 Rxd7 22. dxc5 Bxg3 23. Rxg3 Rxd1 24. Qxd1 {1-0 (56) Makovsky,P (2502)-Napalkov,V (2455) ICCF email 2007}) 19. Bxb2 {aiming for Rb3.} fxg6 20. hxg6 Qb5 21. Nh5 a5 22. Ka1 a4 23. Bc1 {next Nxg7! is good for White.} a3 {[#]} (23... Qf5 $1 $11) 24. g4 $1 $16 {[%cal Rg4g5]} e5 $2 {[%mdl 8192]} (24... Qd5 $16 25. f3 Nxh5 26. Rxh5 e5) 25. g5 $18 Nd5 $2 ({Reject} 25... exd4 26. Nxf6+ Nxf6 27. Qf3 $18) (25... Nxh5 26. Qxh5 exd4) 26. Qf3 {Threatening mate with Qf7+.} Re7 {Strongly threatening ...e4.} 27. Rb3 Qc4 28. gxh6 gxh6 29. Bxa3 c5 30. Ng3 e4 31. Qh5 Qxd4+ 32. Bb2 Qd2 {Accuracy: White = 100%, Black = 31%.} 1-0

[Event "FIDE Chesscom Grand Swiss 2019"]
[Site "Douglas-Isle of Man"]
[Date "2019.10.13"]
[Round "4.7"]
[White "Bacrot, Etienne"]
[Black "Hansen, Eric"]
[Result "1-0"]
[WhiteElo "2671"]
[BlackElo "2611"]
[Annotator "TA"]
[PlyCount "65"]
[EventDate "2019.10.10"]
[EventType "swiss"]
[EventCountry "GBR"]
[SourceTitle "playchess.com"]
[Source "ChessBase"]
[SourceQuality "1"]

{[%evp 18,65,10,14,26,10,2,8,10,6,20,10,11,21,13,2,0,0,0,0,1,4,17,18,107,95,102,100,71,14,316,297,621,639,471,396,493,285,1161,347,912,854,919,892,891,810,800,774,29983,29984]} 1. e4 e5 2. Nf3 Nc6 3. Bb5 Nf6 4. O-O Nxe4 5. d4 Nd6 6. Bxc6 dxc6 7. dxe5 Nf5 8. Qxd8+ Kxd8 9. h3 Ke8 10. Nc3 {[%cal Bb1c3,Bc3e2,Be2f4][%mdl 32]} h5 {C67: Ruy Lopez: Berlin Defence: 4 0-0 Nxe4} 11. Ne2 (11. Bg5 Be6 12. Rfd1 Be7 13. Rd2 Rd8 14. Rxd8+ Kxd8 15. Rd1+ Ke8 16. b3 h4 17. Ne2 Bd5 18. Bf4 Bxf3 19. gxf3 {½-½ (26) Anand,V (2756)-Nakamura,H (2743) Saint Louis 2019}) 11... Be7 $146 ({Predecessor:} 11... b6 12. Bg5 {1-0 (34) Ralle,P (2161)-Alemanni,M (2111) ICCF email 2015}) 12. Bg5 b6 {The position is equal.} 13. Rad1 Bb7 14. Bxe7 Kxe7 15. Nf4 c5 16. Ng5 $36 {[%mdl 2048] White has the initiative.} Rhd8 $1 17. Nxh5 Ba6 $1 {[%cal Ra6f1]} 18. Rxd8 $1 Rxd8 19. Rc1 Rd5 20. Re1 Rd2 (20... Nd4 $11 {remains equal.}) 21. g4 $16 Nd4 22. Nxg7 Rxc2 23. h4 ({Better is} 23. Nf5+ $16 Nxf5 24. gxf5) 23... Bc8 $2 {[%mdl 8192]} (23... Kf8 $1 $11 24. Nf5 Rxb2) 24. h5 $1 $18 Bxg4 $2 (24... Rc4 25. h6 Nf3+ 26. Nxf3 Rxg4+ 27. Kh2 Rg6) 25. h6 {h7 is the strong threat.} Kf8 26. Kg2 {Strongly threatening h7.} Bc8 27. Nh5 (27. e6 $142 {Intending e7+ and mate.} fxe6 28. Nh5) 27... Bb7+ $2 (27... Bf5 28. Rh1 (28. h7 Bxh7 29. Nxh7+ Ke7 $16) 28... Re2) 28. Kg1 $2 (28. Kh3 Bc8+ {[#]} 29. e6 $1 {[%mdl 512]} Nxe6 30. Nxe6+ Bxe6+ 31. Rxe6 $1 {[%mdl 512]} Rxf2 32. h7 $1 {[%mdl 512]} fxe6 33. h8=Q+ Ke7 34. Qe5) 28... Ne2+ $2 (28... Kg8 29. Nf6+ Kf8) 29. Kf1 {Threatens to win with h7.} Ba6 30. h7 Nf4+ 31. Kg1 Ng6 32. e6 Be2 {[#]} 33. Nf4 $1 {[%mdl 512] Accuracy: White = 58%, Black = 39%.} 1-0

[Event "FIDE Chesscom Grand Swiss 2019"]
[Site "Douglas-Isle of Man"]
[Date "2019.10.13"]
[Round "4.7"]
[White "Kovalev, Vladislav"]
[Black "Carlsen, Magnus"]
[Result "1/2-1/2"]
[WhiteElo "2661"]
[BlackElo "2876"]
[Annotator "TA"]
[PlyCount "93"]
[EventDate "2019.10.10"]
[EventType "swiss"]
[EventCountry "GBR"]
[SourceTitle "playchess.com"]
[Source "ChessBase"]
[SourceQuality "1"]

{[%evp 12,93,17,16,22,25,31,24,25,28,25,1,0,0,21,3,11,0,0,0,0,0,0,0,12,5,36,20,27,20,30,38,29,23,34,48,166,156,166,167,180,200,582,419,399,407,652,654,588,475,544,477,328,322,232,0,0,0,306,88,93,12,21,0,87,0,12,13,20,20,20,0,0,0,0,0,0,0,0,0,0,0,0,0]} 1. e4 c5 2. Nf3 d6 3. Bb5+ Bd7 4. Bxd7+ Qxd7 5. c4 e5 6. Nc3 Nc6 7. d3 Be7 {B52: Sicilian: Moscow Variation with 3...Bd7} (7... g6 8. h4 Nf6 9. Nd5 Nxd5 10. cxd5 Nb4 11. a3 Na6 12. h5 Bg7 13. Be3 f5 14. hxg6 hxg6 15. Rxh8+ Bxh8 {½-½ (54) Anand,V (2767)-Caruana,F (2819) Zagreb 2019}) 8. a3 Bd8 9. O-O Nge7 {White has an edge.} 10. b4 O-O 11. bxc5 $146 ({Predecessor:} 11. Rb1 Nd4 12. bxc5 Nxf3+ 13. Qxf3 dxc5 14. Nd5 Nxd5 15. exd5 {1-0 (60) Fasser,W (2115)-Berko,M (2042) ICCF email 2014}) 11... dxc5 12. Nd5 Ng6 13. Be3 b6 14. Nd2 f5 15. exf5 Qxf5 16. Ne4 Nf4 17. g3 Qg6 18. Kh1 Nxd5 19. cxd5 Ne7 20. d6 Nf5 21. Qb3+ Kh8 22. Qd5 $36 {[%mdl 2112] Double Attack. Black is under pressure.} Bf6 $1 23. Rae1 Rad8 (23... h6 $14) 24. f4 $1 $18 {[%cal Rf4e5]} Nxe3 25. Rxe3 exf4 26. Rxf4 h6 $2 (26... Qe8 {is tougher.} 27. Kg2 h6) 27. d7 Be7 {intending ...Rxf4.} 28. Ref3 Rxf4 (28... b5 $142 29. Rxf8+ Bxf8 30. Rxf8+ {[%mdl 64] Promotion} Rxf8) 29. Rxf4 b5 30. Nxc5 Bxc5 31. Qxc5 {[%mdl 4160] Endgame Double Attack. KQR-KQR} Kh7 32. Qd5 (32. Qxb5 Qe6 $16) 32... Qg5 33. Qe4+ $2 (33. Rf5 $1 $18 {[%cal Rf5g5]} Qe7 34. Rf7 (34. Qxb5 Rxd7 35. Rf4 Qe1+ 36. Kg2 Qe2+ 37. Kh3 Qxd3 $14)) 33... Qg6 $11 34. Qd5 $2 {[%mdl 8192]} (34. Rf5 $11 Rxd7 35. Rxb5) 34... Qg5 $1 $18 {[%cal Rg5d5]} 35. Qd6 $2 (35. Rf5 $1 $18 {[%cal Rf5g5]} Qe7 36. Rf7 (36. Qxb5 Rxd7 37. Rf4 Rc7 $11)) 35... Qg6 $16 {[#]} 36. Qc7 (36. Rd4 $1 $16) 36... Qg5 $1 $11 37. Qd6 (37. Qc6 $11) 37... Qg6 $1 $16 {[%cal Rg6d6] [#]} 38. Qc7 (38. Rd4 $1 $16) 38... Qg5 $1 $11 {The position is equal.} 39. Qc6 {aiming for Qe4+.} Qe7 40. Qxb5 {Hoping for Qf5+.} Rxd7 41. Qf5+ g6 42. Qf8 Qxf8 43. Rxf8 Kg7 44. Ra8 Kf6 45. Kg2 Rxd3 46. Rxa7 Rd2+ 47. Kg1 {Accuracy: White = 56%, Black = 72%.} 1/2-1/2

[Event "FIDE Chesscom Grand Swiss 2019"]
[Site "Douglas-Isle of Man"]
[Date "2019.10.13"]
[Round "4.8"]
[White "Leko, Peter"]
[Black "Nihal Sarin"]
[Result "1-0"]
[WhiteElo "2670"]
[BlackElo "2610"]
[Annotator "RC"]
[PlyCount "75"]
[EventDate "2019.10.10"]
[EventType "swiss"]
[EventCountry "GBR"]
[SourceTitle "playchess.com"]
[Source "ChessBase"]
[SourceQuality "1"]
[TimeControl "40/6000+30:20/3000+30:900+30"]

1. e4 {[%emt 0:01:19]} e5 {[%emt 0:00:00]} 2. Nf3 {[%emt 0:00:17]} Nc6 {[%emt 0:00:01]} 3. Bb5 {[%emt 0:00:11]} a6 {[%emt 0:00:16]} 4. Ba4 {[%emt 0:00:07]} Nf6 {[%emt 0:00:06]} 5. O-O {[%emt 0:00:07]} Be7 {[%emt 0:00:34]} 6. d3 {[%emt 0:02:15]} b5 {[%emt 0:00:38]} 7. Bb3 {[%emt 0:00:07]} d6 {[%emt 0:01:10]} 8. Bd2 {[%emt 0:03:31]} O-O {[%emt 0:12:41]} 9. h3 {[%emt 0:05:07]} h6 {[%emt 0:05:55]} 10. Re1 {[%emt 0:11:53]} Re8 {[%emt 0:25:14]} 11. a3 {[%emt 0:05:05]} Bf8 {[%emt 0:08:40]} 12. Nc3 {[%emt 0:06:15]} Na5 {[%emt 0:03:05]} 13. Ba2 {[%emt 0:00:47]} Be6 {[%emt 0:00:26]} 14. Bxe6 {[%emt 0:07:55]} Rxe6 {[%emt 0:03:47]} 15. Nd5 {[%emt 0:00:15]} Nb7 {[%emt 0:15:15]} 16. c4 {[%emt 0:04:06]} c6 {[%emt 0:04:15]} 17. Nxf6+ {[%emt 0:00:17]} Rxf6 {[%emt 0:01:21]} 18. b4 {[%emt 0:00:33]} Qd7 {[%emt 0:02:23]} 19. a4 {[%emt 0:05:48]} bxc4 {[%emt 0:04:50]} 20. dxc4 {[%emt 0:00:06]} Re8 {[%emt 0:00:08]} 21. Bc3 {[%emt 0:16:53]} Qc8 {[%emt 0:02:36]} 22. Qd3 {[%emt 0:10:54]} Nd8 {[%emt 0:01:29]} 23. Bd2 {[%emt 0:01:32]} Ne6 {[%emt 0:01:13]} 24. Rab1 {[%emt 0:02:19]} Be7 {[%emt 0:01:00]} 25. Kh2 {[%emt 0:04:01]} Bd8 {[%emt 0:03:13]} 26. a5 {[%emt 0:03:34]} Rg6 {[%emt 0:03:46]} 27. Ra1 {[%emt 0:04:25]} Rf8 {[%emt 0:01:26]} 28. Be3 {[%emt 0:01:25]} Re8 {[%emt 0:06:39]} 29. b5 {[%emt 0:04:24]} Qb7 {[%emt 0:01:27]} 30. Reb1 {[%emt 0:01:16]} Bc7 {[%emt 0:00:39]} 31. Nh4 {[%emt 0:03:24]} Rf6 {[%emt 0:00:07]} 32. Nf5 {[%emt 0:00:07]} cxb5 {[%emt 0:00:51]} 33. cxb5 {[%emt 0:00:07]} Nd4 {[%emt 0:00:41]} 34. bxa6 {[%emt 0:00:26]} Qa8 {[%emt 0:00:16]} 35. Rb7 {[%emt 0:00:34]} Nxf5 {[%emt 0:00:21]} 36. exf5 {[%emt 0:01:12]} e4 {[%emt 0:00:12]} 37. Qb5 {[%emt 0:00:30]} Re5 {[%emt 0:01:07]} 38. Qd7 {[%emt 0:00:45]} 1-0

[Event "FIDE Chesscom Grand Swiss 2019"]
[Site "Douglas-Isle of Man"]
[Date "2019.10.13"]
[Round "4.8"]
[White "Ganguly, Surya Shekhar"]
[Black "Yu, Yangyi"]
[Result "1/2-1/2"]
[WhiteElo "2658"]
[BlackElo "2763"]
[Annotator "TA"]
[PlyCount "74"]
[EventDate "2019.10.10"]
[EventType "swiss"]
[EventCountry "GBR"]
[SourceTitle "playchess.com"]
[Source "ChessBase"]
[SourceQuality "1"]

{[%evp 9,74,24,20,9,33,29,29,12,18,0,29,0,0,0,0,0,0,0,0,0,0,0,0,0,7,0,0,0,8,6,18,18,12,16,18,15,18,2,19,22,29,21,46,0,32,0,4,0,0,0,0,0,0,0,0,0,0,0,0,0,0,0,0,0,0,0,0]} 1. c4 e5 2. g3 c6 3. Nf3 e4 4. Nd4 d5 5. cxd5 Qxd5 6. Nc2 {A20: English Opening: 1...e5} Nf6 7. Nc3 Qe5 8. Bg2 {White has an edge.} Na6 9. Rb1 $146 ({Predecessor:} 9. O-O h5 10. d4 Qe6 11. Bg5 h4 12. Bxh4 Rxh4 13. gxh4 {1-0 (36) Martinez Alcantara,J (2601)-Vitiugov,N (2727) Riga 2019}) 9... Nb4 10. Nxb4 Bxb4 11. Qa4 a5 12. a3 Bxc3 13. dxc3 O-O 14. Be3 Bf5 15. Rd1 Qe6 16. O-O Bh3 17. Bd4 Bxg2 (17... b5 $5 18. Qc2 $8 Bxg2 19. Kxg2 Nd5 $11) 18. Kxg2 b5 19. Qc2 Nd5 20. c4 bxc4 21. Rc1 Qg4 {[#] Threatens to win with ...Nf4+.} 22. e3 Qf3+ 23. Kg1 Nc7 24. Qd1 Qf5 25. Rxc4 Ne6 26. Rxc6 Rfd8 27. Qc2 h5 {The position is equal.} 28. f3 (28. Rc4 {with more complications.} h4 29. f3 hxg3 30. hxg3 Nxd4 31. Rxd4 Rxd4 32. exd4 Qg5 33. Kg2) 28... Nxd4 29. exd4 Rxd4 30. fxe4 Qxe4 31. Rc8+ Rxc8 32. Qxc8+ $11 {[%mdl 4096] Endgame KQR-KQR} Kh7 33. Qf5+ Qxf5 34. Rxf5 Kg6 35. Rxa5 Rd1+ 36. Kf2 Rd2+ {[%mdl 64] [#] Double Attack} 37. Kf3 Rxb2 {Accuracy: White = 72%, Black = 69%.} 1/2-1/2

[Event "FIDE Chesscom Grand Swiss 2019"]
[Site "Douglas-Isle of Man"]
[Date "2019.10.13"]
[Round "4.9"]
[White "Karjakin, Sergey"]
[Black "Demchenko, Anton"]
[Result "1-0"]
[WhiteElo "2760"]
[BlackElo "2655"]
[Annotator "TA"]
[PlyCount "91"]
[EventDate "2019.10.10"]
[EventType "swiss"]
[EventCountry "GBR"]
[SourceTitle "playchess.com"]
[Source "ChessBase"]
[SourceQuality "1"]

{[%evp 23,91,41,39,16,27,33,38,20,43,25,67,59,66,46,102,68,72,58,182,183,179,174,187,179,176,171,176,172,171,178,168,141,156,114,190,191,182,192,179,170,237,227,237,220,292,292,359,382,368,364,345,354,344,338,435,429,441,403,442,443,441,427,427,416,499,446,1254,1239,1572,1529]} 1. e4 c5 2. Nf3 d6 3. d4 cxd4 4. Nxd4 Nf6 5. Nc3 Nc6 6. Bg5 e6 7. Qd2 a6 8. O-O-O Bd7 9. f4 Be7 10. Nf3 b5 11. Bxf6 gxf6 12. f5 Qb6 13. Qh6 {B69: Sicilian: Richter-Rauzer: 7...a6 8 0-0-0 Bd7 9 f4 Be7 10 Nf3 b5 11 Bxf6} (13. Kb1 O-O-O 14. g3 Kb8 15. fxe6 fxe6 16. Bh3 Na5 17. Nd4 b4 18. Nce2 e5 19. Bxd7 Rxd7 20. Nf5 Nc4 21. Qd3 Rc8 22. Ka1 Bf8 23. b3 Na3 24. c4 bxc3 25. Nxc3 {½-½ (64) Navara,D (2734)-Saric,I (2681) Patras 2019}) 13... O-O-O 14. Qh5 $146 ({Predecessor:} 14. Kb1 Kb8 15. Qg7 h5 16. fxe6 fxe6 17. Nd4 Rde8 18. Nxc6+ Qxc6 19. a3 Bd8 20. Qg3 Be7 {1-0 (65) Vucinic,G (2377)-Dimic,P (2198) Kavala 2014}) 14... Rhf8 15. Kb1 {White is slightly better.} Kb8 16. Bd3 Bc8 17. Rhe1 Qc7 18. Bf1 (18. Qxh7 Rh8 $19) 18... Na5 (18... b4 $14 19. Ne2 e5) 19. fxe6 (19. Qxh7 b4 $17) 19... fxe6 20. Nd4 ({Don't blunder} 20. Qxh7 $2 Rh8 $19) 20... Nc6 {[#]} (20... Bd7 $14) 21. Ncxb5 $1 $18 {[%mdl 512]} axb5 22. Qxb5+ {[%mdl 64] Double Attack} Bb7 23. Nxe6 {[%mdl 64] Double Attack} Qa5 24. Qxa5 Nxa5 25. Re3 Rc8 26. Nxf8 Bxf8 27. Bd3 Nc4 28. Rf3 Bh6 (28... f5 $16) 29. Rh3 Bf4 30. Rxh7 Be5 {[#]} 31. c3 $1 Ne3 (31... Ba6 $142 32. g3 Nxb2 33. Kxb2 (33. Bxa6 Nxd1 34. Bxc8 Nxc3+ 35. Kc2 Kxc8 $16) 33... Rxc3) 32. Rd2 Nc4 33. Re2 Ba6 {Hoping for ...Na3+.} 34. Ka1 Rc6 35. h4 Rb6 {Black hopes to continue with ...Nxb2.} 36. Bxc4 Bxc4 37. Re3 d5 38. exd5 Ra6 39. a3 Rd6 40. h5 Rxd5 {[%cal Rd5d1]} 41. Re1 Rd8 42. Re7 Rh8 43. Rh1 Bd5 44. h6 {White is clearly winning.} Bxg2 (44... Kc8 $142 45. c4 Be4) 45. Rg1 Be4 {[#]} 46. h7 $1 {Accuracy: White = 81%, Black = 45%.} 1-0

[Event "FIDE Chesscom Grand Swiss 2019"]
[Site "Douglas-Isle of Man"]
[Date "2019.10.13"]
[Round "4.9"]
[White "Deac, Bogdan-Daniel"]
[Black "Berkes, Ferenc"]
[Result "1-0"]
[WhiteElo "2613"]
[BlackElo "2667"]
[Annotator "TA"]
[PlyCount "119"]
[EventDate "2019.10.10"]
[EventType "swiss"]
[EventCountry "GBR"]
[SourceTitle "playchess.com"]
[Source "ChessBase"]
[SourceQuality "1"]

{[%evp 18,119,8,0,20,14,16,16,17,14,10,3,10,10,24,10,20,0,19,15,21,18,20,32,22,30,27,24,42,39,41,40,48,38,50,46,45,19,20,22,22,32,32,7,20,6,43,21,50,50,50,37,50,0,63,25,45,56,67,68,193,179,175,186,239,239,273,281,250,242,280,280,251,243,260,260,456,432,433,447,432,415,11832,11420,9495,8812,10679,11780,12801,6737,8175,6394,5185,4735,29965,29965,29963,29964,29962,29953,29966,29968,29967,29967]} 1. d4 d5 2. c4 e6 3. Nc3 Be7 4. Nf3 Nf6 5. g3 O-O 6. Bg2 dxc4 7. Ne5 c5 8. dxc5 Qxd1+ 9. Nxd1 Bxc5 10. O-O Nc6 {E06: Closed Catalan: Early deviations} 11. Bxc6 bxc6 12. Be3 Bb6 {The position is equal.} 13. Bxb6 axb6 14. Nc3 Bd7 15. Rfd1 Rfd8 16. Nxc4 b5 {[#]} 17. Nd6 $146 ({Predecessor:} 17. Ne5 Be8 18. Rxd8 Rxd8 {1-0 (64) Giri,A (2797)-Jakovenko,D (2719) Shenzhen 2019}) 17... Kf8 18. Nb7 Rdb8 19. Nc5 Be8 20. f3 Ke7 21. Kf2 Nd5 22. N3e4 h6 23. Nd3 Nb6 24. Rdc1 Rc8 25. Rc2 f6 26. Nec5 e5 27. a3 Bg6 28. e4 Be8 29. h4 Rd8 30. b3 Rd4 31. Ke3 Rdd8 32. Nb4 Rd4 {And now ...Rxb4! would win.} 33. Ncd3 Rd6 34. Rc3 Ra7 35. Rc2 Kd8 ({Better is} 35... Ra8 $11) 36. Nc5 Ke7 37. f4 exf4+ 38. gxf4 ({Much weaker is} 38. Kxf4 Nd7 $11) 38... Rd8 (38... Bf7 $14) 39. f5 $18 Kf7 40. Ne6 Rda8 (40... Rd6 $142 41. Nd4 Ra8) 41. Nxc6 $40 {[%mdl 128] White has strong attack.} Rxa3 42. Rxa3 Rxa3 43. Ncd4 Ra7 44. Rc7+ $1 Rxc7 45. Nxc7 {[%mdl 4096] Endgame KBN-KNN} Bd7 46. Ndxb5 ({Resist} 46. Ncxb5 $6 Ke7 $16) 46... g5 $2 (46... Bc6 47. Nd4 Bd7) 47. hxg5 hxg5 48. Nd6+ Ke7 49. Nc4 Nxc4+ (49... Nc8 $142 50. Nd5+ Kf7) 50. bxc4 {KB-KN} Kd6 51. Nd5 Ke5 52. Ne7 Kd6 {[#]} 53. Ng8 $1 Ke5 54. Nh6 {[%cal Rh6f7]} Kd6 55. Kd4 Ba4 56. Ng8 {White mates.} g4 57. Nxf6 g3 58. e5+ Kc6 59. Ke3 Bc2 {[#]} 60. Nd5 $1 {Accuracy: White = 74%, Black = 48%.} 1-0